000 00308nam a22000977a 4500
008 150826b xxu||||| |||| 00| 0 eng d
020 _a0521368510
082 _a658.403 DEC
245 _aDECISION MAKING:
_bDESCRIPTIVE, NORMATIVE, AND PRESCRIPTIVE INTERACTIONS
260 _aNEW YORK
_bCAMBRIDGE UNIVERSITY PRESS
_c1988
999 _c1112
_d1112